Fundamentals of foods and nutrition (Record no. 207709)

MARC details
000 -LEADER
fixed length control field 00940nam a2200181Ia 4500
008 - FIXED-LENGTH DATA ELEMENTS--GENERAL INFORMATION
fixed length control field 231221s9999 xx 000 0 und d
041 ## - LANGUAGE CODE
Language code of text/sound track or separate title English
082 ## - DEWEY DECIMAL CLASSIFICATION NUMBER
Classification number 641 MUD;1 R
100 ## - MAIN ENTRY--PERSONAL NAME
Personal name Mudambi, Sumati Rajagopal , M V
245 #0 - TITLE STATEMENT
Title Fundamentals of foods and nutrition
250 ## - EDITION STATEMENT
Edition statement 3rd ed.
260 ## - PUBLICATION, DISTRIBUTION, ETC.
Date of publication, distribution, etc. 1995
Name of publisher, distributor, etc. New Age International
Place of publication, distribution, etc. New Delhi
300 ## - PHYSICAL DESCRIPTION
Extent xii+303
500 ## - GENERAL NOTE
General note E-509
650 ## - SUBJECT ADDED ENTRY--TOPICAL TERM
Topical term or geographic name entry element Hotel Management Please supply the following books immediately to the Library. Make separate bill for separate grants. Only the latest editions to be supplied unless otherwise specified. Sl Purch Sl No Title Authors Publisher Grant No of Copies 1
650 ## - SUBJECT ADDED ENTRY--TOPICAL TERM
Topical term or geographic name entry element Hotel Management Please supply the following books immediately to the Library. Make separate bill for separate grants. Only the latest editions to be supplied unless otherwise specified. Sl Purch Sl No Title Authors Publisher Grant No of Copies 1
942 ## - ADDED ENTRY ELEMENTS (KOHA)
Koha item type Hotel Management Library
Holdings
Date last seen Total checkouts Full call number Accession number Cost, total (INR) price Price effective from Category Lost status Damaged status Department Withdrawn status Home library Current library Shelving location Entry date Vendor Cost, normal purchase price Grants Billnumber Billdate Currency symbol Conversion rate Discount Old discount
26/01/2024   641 MUD;1 R HM275 72.00 26/01/2024 Hotel Management Library     HEM   Central Library Central Library HM   Sapna Book House 80.00 HM 27569 21/06/2010 RS 1 8 10

© For any Suggestions or Query, please contact the library staff @ librarian@pes.edu or Phone: +9180 2672 1983/ 2108.